000 00224nam a22000857a 4500
008 161114b xxu||||| |||| 00| 0 eng d
100 _91189
_aArora.S.L.
245 _aMove Fast with Physics-XII
260 _aNew Delhi
_b Dhanpat
_c2012
999 _c3872
_d3872